Polski program stabilizacyjny. Osiagniecia i perspektywy.

Poľská verzia referátu na medzinárodnej konferencii vo Verone. Predpoklady a realizácia stabilizačného programu. Štruktúra štátneho rozpočtu v r. 1989-1990. Štatistické informácie o hospodárskej situácii. Premeny v ekonomickom systéme. Perspektívy ďalšej činnosti. Náčrt makroekonomickej politiky.

Na minha lista:
Detalhes bibliográficos
Autor principal: Dabrowski, Marek
Formato: Capítulo de Livro
Idioma:polonês
Assuntos:
Tags: Adicionar Tag
Sem tags, seja o primeiro a adicionar uma tag!

MARC

LEADER 00000naa a2200000 4500
001 r003290
005 20220819194504.3
041 0 |a pol 
044 |a PL 
245 1 0 |a Polski program stabilizacyjny. Osiagniecia i perspektywy.  |c M. Dabrowski 
520 |a Poľská verzia referátu na medzinárodnej konferencii vo Verone. Predpoklady a realizácia stabilizačného programu. Štruktúra štátneho rozpočtu v r. 1989-1990. Štatistické informácie o hospodárskej situácii. Premeny v ekonomickom systéme. Perspektívy ďalšej činnosti. Náčrt makroekonomickej politiky. 
610 2 0 |a stabilizácia hospodárstva 
610 2 0 |a PR 
610 2 0 |a konferencie 
610 2 0 |a Verona 
610 2 0 |a rozpočet štátny 
610 2 0 |a 1989-1990 
610 2 0 |a údaje štatistické 
610 2 0 |a sústava ekonomická 
610 2 0 |a makroekonomika 
100 1 |a Dabrowski, Marek